Comidas da Europa - Morte Súbita - Statistics

Estatísticas Gerais
  • Esse quiz foi jogado 305 vezes
  • A pontuação média é 4 de 16
Answers on the Grid
Answers color-coded by a green-red scale on the quiz's grid according to % correct below.
Goulash
Borsch
Potjiekos
Menudo
Hot chicken
Cassoulet
Quesadilla
Bacalhau com natas
Bobó de camarão
Bruschetta
Fondue
Paella
Dim sum
Pajeon
Moules-frites
Tartiflette
Brown stew chicken
Fårikål
Bryndzové halušky
Lakror
Bifana
Pavlova
Tourtière
Tagine
Ndolé
Salada grega
Bife Wellington
Lasanha à bolonhesa
 
Estatísticas das Respostas
Resposta % Correto
Fondue
50%
Paella
50%
Bruschetta
49%
Bacalhau com natas
44%
Lasanha à bolonhesa
38%
Salada grega
37%
Moules-frites
27%
Cassoulet
25%
Bife Wellington
22%
Bifana
17%
Goulash
17%
Bryndzové halušky
14%
Borsch
12%
Fårikål
10%
Tartiflette
9%
Lakror
1%
Nenhum quiz correspondente encontrado
Distribuição das Pontuações
Porcentagem de Pessoas com Cada Pontuação
Percentil de Números Respondidos
Sua Pontuação Histórica
Você não jogou esse quiz